Môžu materské a dcérske spoločnosti používať IFRS pre MSP?
Dcérska účtovná jednotka, ktorej materská spoločnosť používa IFRS alebo je súčasťou konsolidovaného celku, v rámci ktorého sa používajú IFRS, môže pre zostavenie svojej individuálnej účtovnej závierky použiť IFRS pre MSP a to za predpokladu, že nemá verejnú zodpovednosť.
Guardado en:
| Autor principal: | |
|---|---|
| Formato: | Capítulo de libro |
| Lenguaje: | eslovaco |
| Materias: | |
| Etiquetas: |
Sin Etiquetas, Sea el primero en etiquetar este registro!
|
MARC
| LEADER | 00000nla a2200000 4500 | ||
|---|---|---|---|
| 001 | 0152743 | ||
| 005 | 20240502072724.0 | ||
| 041 | 0 | |a slo | |
| 044 | |a SK | ||
| 245 | 1 | 0 | |a Môžu materské a dcérske spoločnosti používať IFRS pre MSP? |c Michal Ješš |
| 520 | |a Dcérska účtovná jednotka, ktorej materská spoločnosť používa IFRS alebo je súčasťou konsolidovaného celku, v rámci ktorého sa používajú IFRS, môže pre zostavenie svojej individuálnej účtovnej závierky použiť IFRS pre MSP a to za predpokladu, že nemá verejnú zodpovednosť. | ||
| 610 | 2 | 0 | |a účtovníctvo |
| 610 | 2 | 0 | |a jednotka účtovná |
| 610 | 2 | 0 | |a doklady účtovné |
| 610 | 2 | 0 | |a evidencia účtovná |
| 610 | 2 | 0 | |a výkazníctvo finančné |
| 610 | 2 | 0 | |a závierka účtovná |
| 610 | 2 | 0 | |a vzťahy zúčtovacie |
| 610 | 2 | 0 | |a štandardy účtovné medzinárodné |
| 610 | 2 | 0 | |a IFRS |
| 100 | 1 | |a Ješš, Michal, 1986- | |